Continent Letter Country Trios Quiz Stats

 Plays Quiz Updated Feb 13, 2019

Support Sporcle.
Go Orange.
Score 0/39 Timer 06:00
1 Play Today
Hint Answer % Correct
North America (C)Canada
89.1%
Africa (N)Niger
87.5%
Europe (I)Iceland
86.6%
Africa (N)Nigeria
86.5%
Europe (I)Ireland
85.9%
Europe (A)Andorra
85.5%
Europe (N)Norway
83.3%
Europe (A)Albania
81.9%
Europe (I)Italy
81.5%
Asia (K)Kazakhstan
81.3%
North America (B)Bahamas
80.9%
North America (B)Belize
80.6%
Europe (C)Croatia
80.3%
Asia (A)Azerbaijan
80%
Europe (C)Czechia
79.8%
Europe (A)Austria
79.4%
Asia (A)Armenia
78.7%
Europe (N)Netherlands
78.6%
North America (C)Cuba
77.6%
Africa (L)Liberia
77.1%
Hint Answer % Correct
Africa (L)Lesotho
76.5%
North America (B)Barbados
76.5%
Africa (L)Libya
75.8%
Africa (T)Togo
75.8%
Asia (P)Pakistan
75.2%
Africa (N)Namibia
75.2%
Africa (T)Tanzania
74.3%
Asia (A)Afghanistan
73.6%
Asia (K)Kyrgyzstan
73.3%
North America (C)Costa Rica
70.9%
Asia (P)Philippines
69.8%
Europe (C)Cyprus
69.7%
North America (S)Saint Kitts and Nevis
69.3%
North America (S)Saint Lucia
67.5%
North America (S)Saint Vincent and the Grenadines
63.6%
Asia (K)Kuwait
62.2%
Africa (T)Tunisia
61.4%
Europe (N)North Macedonia
59.9%
Asia (P)Palestine
55.2%

You're not logged in!

Compare scores with friends on all Sporcle quizzes.
OR
Log In
Forgot?

From the Vault

Wonka Kids

by Derek

Greetings to you, the lucky finder of this golden ticket, from Mr. Willy Wonka! I shake you warmly by the hand!
Remove Ads.
Support Sporcle.
Get the best of Sporcle when you Go Orange. This ad-free experience offers more features, more stats, and more fun while also helping to support Sporcle. Thank you for becoming a member.

Show Comments

Extras

Top Quizzes Today


Score Distribution

Your Account Isn't Verified!

In order to create a playlist on Sporcle, you need to verify the email address you used during registration. Go to your Sporcle Settings to finish the process.

Report this User

Report this user for behavior that violates our Community Guidelines.

Details: